[Event "Challenge"]
[Site "http://www.queenalice.com/game.php?id=671347"]
[Date "2009.10.23"]
[Round "-"]
[White "LeonardoNeves"]
[Black "thewhitebishop"]
[Result "1-0"]
[WhiteElo "2092"]
[BlackElo "2067"]

1. e4 d6 2. Nc3 g6 3. d4 Bg7 4. Be3 Nf6 5. Nf3 c6 6. Bd3 O-O 7. h3 Nbd7 8. O-O
b5 9. a3 a5 10. b4 e5 11. Qd2 Qc7 12. Bh6 exd4 13. Nxd4 Ne5 14. Bxg7 Kxg7 15. f4
Nxd3 16. cxd3 Qb6 17. Qf2 Kg8 18. Nf3 Qc7 19. Rfc1 Ba6 20. e5 dxe5 21. fxe5 axb4
22. axb4 Nh5 23. Qh4 Ng7 24. Nd5 Qa7+ 25. Nd4 cxd5 26. Kh1 Qd7 27. Nf3 Nf5 28.
Qg4 Qe6 29. Qf4 Rfe8 30. d4 Bb7 31. Ng5 Qe7 32. Rxa8 Rxa8 33. e6 Rc8 34. exf7+
Kg7 35. Rc5 Rxc5 36. dxc5 h6 37. Nf3 Qxf7 38. Qe5+ Qf6 39. Qc7+ Qe7 40. Qb6 d4
41. Ne5 Nh4 42. c6 Bc8 43. Qxd4 Qf6 44. Qa7+ Kg8 45. Qa2+ Kf8 46. Qe2 Nf5 47.
Qxb5 Nd6 48. Qc5 Ke7 49. b5 Ke6 50. Nf3 Nf5 51. b6 Ng3+ 52. Kh2 Qf4 53. Qe5+
Qxe5 54. Nxe5 Nf1+ 55. Kg1 Kd6 56. Kxf1 Ba6+ 57. Ke1 h5 58. h4 Bc8 59. Kd2 Ba6
60. Kc3 1-0

[Event "QA-ANNIV-05"]
[Site "http://www.queenalice.com/game.php?id=723836"]
[Date "2010.2.1"]
[Round "3"]
[White "LeonardoNeves"]
[Black "carbon"]
[Result "1-0"]
[WhiteElo "2076"]
[BlackElo "2267"]

1. e4 e6 2. d4 d5 3. e5 c5 4. c3 Nc6 5. Nf3 Bd7 6. Be2 Nge7 7. Na3 cxd4 8. cxd4
Nf5 9. Nc2 Qb6 10. O-O a5 11. Kh1 h5 12. Bg5 h4 13. b3 Be7 14. Bxe7 Ncxe7 15. h3
Nc6 16. a3 Rc8 17. b4 O-O 18. Bd3 Nce7 19. Qd2 axb4 20. Bxf5 Nxf5 21. axb4 f6
22. Ne3 fxe5 23. Nxf5 Rxf5 24. Nxe5 Qd8 25. f3 Bb5 26. Rfc1 Bc4 27. Ra5 b6 28.
Ra7 Rc7 29. Rxc7 Qxc7 30. Qe1 Qd6 31. Qxh4 Rf6 32. Ra1 Qxb4 33. Nd7 Rf8 34. Nxf8
Qxf8 35. Qg4 Qf5 36. Ra8+ Kh7 37. Qh4+ Kg6 38. Re8 Qf6 39. Qg4+ 1-0

[Event "AUTO-MASTER-1049"]
[Site "http://www.queenalice.com/game.php?id=734918"]
[Date "2010.2.20"]
[Round "1"]
[White "thewhitebishop"]
[Black "LeonardoNeves"]
[Result "1-0"]
[WhiteElo "2123"]
[BlackElo "2091"]

1. d4 d5 2. c4 c6 3. Nc3 Nf6 4. f3 Bf5 5. g4 Be6 6. c5 g6 7. Bf4 Bg7 8. Qd2 b6
9. Na4 Nbd7 10. b4 bxc5 11. Nxc5 Nb6 12. e3 Bc8 13. a4 Nbd7 14. b5 cxb5 15. Bxb5
O-O 16. Bc6 Rb8 17. Bxb8 Nxb8 18. Bb5 a6 19. Bd3 Nfd7 20. Rc1 e5 21. Nb3 Qh4+
22. Qf2 Qxf2+ 23. Kxf2 exd4 24. exd4 Bh6 25. Rc3 Re8 26. Bc2 Nb6 27. Nc5 Nc4 28.
Kg3 Nc6 29. Bd3 Bg7 30. Bxc4 dxc4 31. Rxc4 Nxd4 32. Ne4 Be6 33. Rb4 Bd5 34. Nc3
Be5+ 35. Kf2 Ba8 36. Ne4 Bg7 37. Ne2 Nxe2 38. Re1 Rd8 39. Rxe2 Bc6 40. g5 Bf8
41. Nf6+ Kg7 42. Rc4 Rc8 43. Rec2 h6 44. Rxc6 Rxc6 45. Rxc6 hxg5 46. Ne8+ Kh6
47. Rxa6 1-0

[Event "AUTO-MASTER-1049"]
[Site "http://www.queenalice.com/game.php?id=734919"]
[Date "2010.2.20"]
[Round "1"]
[White "LeonardoNeves"]
[Black "thewhitebishop"]
[Result "0-1"]
[WhiteElo "2105"]
[BlackElo "2107"]

1. e4 d6 2. Nc3 Nf6 3. Bc4 c5 4. h3 a6 5. Nf3 b5 6. Be2 b4 7. Nb1 Nxe4 8. c3 Qa5
9. d3 bxc3 10. Nxc3 Nxc3 11. bxc3 Bd7 12. Bd2 Nc6 13. O-O Rb8 14. a3 g6 15. Qc2
Bg7 16. c4 Qc7 17. Bc3 Nd4 18. Bxd4 cxd4 19. Rfb1 O-O 20. Bd1 e5 21. Rxb8 Rxb8
22. Nd2 a5 23. a4 f5 24. f3 Bc6 25. Rb1 Rxb1 26. Nxb1 Qb6 27. Kf1 e4 28. dxe4
fxe4 29. fxe4 Qb4 30. Nd2 Qc3 31. Qa2 Kf8 32. Qc2 d3 33. Qxc3 Bxc3 34. Ke1 Bxe4
35. g4 g5 36. Bb3 Bg2 37. Kd1 Bxh3 38. Ne4 Bxg4+ 39. Kc1 Bb4 40. Bd1 Bxd1 41.
Kxd1 h6 42. Nf2 d2 43. Ke2 Ke7 44. Nd3 Kd7 45. Nxb4 axb4 46. Kxd2 Kc6 47. Kc2
Kb6 48. Kb3 Ka5 0-1

[Event "AUTO-MASTER-1049"]
[Site "http://www.queenalice.com/game.php?id=734936"]
[Date "2010.2.20"]
[Round "1"]
[White "LeonardoNeves"]
[Black "Pcchess"]
[Result "1-0"]
[WhiteElo "2080"]
[BlackElo "2065"]

1. e4 c5 2. Bc4 Nc6 3. Nf3 d6 4. h3 g6 5. d3 Bg7 6. Ng5 e6 7. Nc3 Nf6 8. Be3 O-O
9. O-O h6 10. Nf3 a6 11. Qd2 Kh7 12. a3 b5 13. Bb3 Bb7 14. Nh2 e5 15. f4 exf4
16. Rxf4 Na5 17. Raf1 Nxb3 18. cxb3 Qe7 19. Qf2 Kg8 20. Ng4 Nxg4 21. Rxg4 h5 22.
Rg3 Rae8 23. Qd2 Kh7 24. Bg5 Qe6 25. Qd1 b4 26. axb4 cxb4 27. Na4 Be5 28. Rgf3
Bc6 29. Bc1 Qe7 30. Qd2 Bg7 31. Qxb4 Rb8 32. Qc4 Bb5 33. Qc2 Rbc8 34. Nc3 Kg8
35. Qd2 Qb7 36. b4 Qc6 37. Nd5 Qb7 38. Qg5 Rc2 39. Ne7+ Kh7 40. Rxf7 Rxf7 41.
Qxg6+ 1-0

[Event "AUTO-MASTER-1049"]
[Site "http://www.queenalice.com/game.php?id=734937"]
[Date "2010.2.20"]
[Round "1"]
[White "Pcchess"]
[Black "LeonardoNeves"]
[Result "0-1"]
[WhiteElo "2111"]
[BlackElo "2111"]

1. e4 e5 2. Nf3 Nc6 3. Bc4 h6 4. d4 exd4 5. c3 Na5 6. Qxd4 Nxc4 7. Qxc4 d6 8.
Bf4 Be6 9. Qd3 Nf6 10. Nbd2 a6 11. Nd4 Bd7 12. O-O Be7 13. N2f3 Nh5 14. Be3 c5
15. Ne2 b5 16. Rad1 Be6 17. b3 c4 18. Qb1 Bg4 19. Ned4 Qc8 20. Qb2 Nf6 21. Qc2
O-O 22. b4 Re8 23. h3 Bh5 24. g4 Bg6 25. Nf5 Bf8 26. Nd2 d5 27. exd5 Nxd5 28.
Rfe1 a5 29. a3 Nxe3 30. fxe3 Kh8 31. e4 Qc7 32. Kg2 Ra6 33. Nf3 axb4 34. axb4
Rea8 35. Qe2 Ra3 36. Rc1 Rd8 37. N3d4 Bxf5 38. exf5 Qb7+ 39. Qe4 Ra2+ 40. Kg1
Qb8 41. Re2 Rxe2 42. Nxe2 Re8 43. Qf3 Qb6+ 44. Qf2 Qa6 45. Nd4 Bd6 46. Re1 Rd8
47. h4 Qb6 48. Nf3 Qc7 49. g5 Bg3 50. Qe2 Bxe1 51. Qxe1 Qb6+ 52. Kg2 Qc6 53. Kf2
Re8 54. Qd2 Qb6+ 55. Qd4 Qc6 56. Ne5 Qc7 57. Nf3 Rd8 58. Qe4 Qd6 59. gxh6 Qxh6
60. Ng5 Kg8 61. Nf3 f6 62. Nd4 Qd2+ 63. Qe2 Qxc3 0-1

[Event "AUTO-MASTER-1049"]
[Site "http://www.queenalice.com/game.php?id=734938"]
[Date "2010.2.20"]
[Round "1"]
[White "LeonardoNeves"]
[Black "arrabi"]
[Result "0-1"]
[WhiteElo "2106"]
[BlackElo "2025"]

1. e4 c5 2. c4 e6 3. Nc3 Nc6 4. Nf3 Be7 5. d3 d6 6. Be3 a6 7. a3 Nf6 8. Be2 O-O
9. O-O h6 10. h3 e5 11. Nh2 Nd4 12. f4 Nh7 13. f5 Bg5 14. Bxg5 Nxg5 15. Bg4 Bd7
16. Nd5 Bc6 17. Nc3 f6 18. Nf3 Be8 19. Nh4 b5 20. b3 Bf7 21. Ne2 bxc4 22. Nxd4
cxd4 23. bxc4 Rb8 24. Nf3 Rb2 25. Rf2 Qb6 26. Rxb2 Qxb2 27. Ne1 Rb8 28. Qc1 Qxc1
29. Rxc1 Rb2 30. Ra1 a5 31. Bd1 h5 32. Nc2 Bxc4 33. dxc4 Nxe4 34. Ne1 Ng3 35.
Bc2 e4 36. Bxe4 Nxe4 37. Rd1 Rd2 38. Rxd2 Nxd2 39. Nf3 Nxc4 40. Nxd4 Nxa3 41.
Kf2 Nc4 42. Ke2 a4 43. Kd3 a3 44. Kxc4 a2 45. Nb3 Kf7 46. Kd5 Ke7 47. Kc6 h4 48.
Na1 Kf7 49. Kxd6 g6 50. fxg6+ Kxg6 51. Kd5 Kf5 52. Kd4 Kf4 53. Kd3 Kg3 54. Ke3
f5 55. Ke2 Kxg2 56. Ke3 Kg3 57. Ke2 f4 58. Nc2 f3+ 59. Kf1 Kxh3 60. Kf2 Kg4 61.
Ne3+ Kf4 62. Nc2 h3 63. Kg1 Kg3 64. Ne3 a1=Q+ 65. Nf1+ Qxf1+ 66. Kxf1 h2 0-1

[Event "AUTO-MASTER-1049"]
[Site "http://www.queenalice.com/game.php?id=734939"]
[Date "2010.2.20"]
[Round "1"]
[White "arrabi"]
[Black "LeonardoNeves"]
[Result "0-1"]
[WhiteElo "2033"]
[BlackElo "2095"]

1. e4 e5 2. Bc4 Nf6 3. d3 h6 4. h3 Nc6 5. a4 Bc5 6. c3 d5 7. exd5 Nxd5 8. Nf3
O-O 9. O-O a6 10. b4 Ba7 11. b5 axb5 12. Bxb5 Nde7 13. Be3 Qd6 14. Na3 Qg6 15.
Nh4 Qf6 16. Nc2 Qxh4 17. Qf3 Na5 18. Rab1 c6 19. Bxa7 Rxa7 20. Qe3 Ra8 21. Rb4
Qf6 22. Bc4 Nxc4 23. Rxc4 Nd5 24. Qg3 Re8 25. Ne3 Nf4 26. Qf3 Qg6 27. Kh2 Qxd3
28. Rd1 Qg6 29. g4 Be6 30. Rb4 Bd5 31. Nxd5 Nxd5 32. Rxb7 Rxa4 33. Rg1 Rf4 34.
Qg3 Qf6 35. Rf1 Rf3 36. Qg2 Ne3 37. fxe3 Rxf1 38. Rb2 Rd8 39. c4 Rdd1 40. Rb8+
Kh7 41. Rb2 Rh1+ 42. Qxh1 Rxh1+ 43. Kxh1 Qf3+ 44. Kh2 Qxe3 45. Rg2 Qf4+ 46. Rg3
Qxc4 47. h4 e4 0-1

[Event "Challenge"]
[Site "http://www.queenalice.com/game.php?id=741348"]
[Date "2010.3.5"]
[Round "-"]
[White "Blackangel"]
[Black "LeonardoNeves"]
[Result "1-0"]
[WhiteElo "1847"]
[BlackElo "2089"]

1. e4 e5 2. f4 f6 3. Bc4 Ne7 4. fxe5 fxe5 5. Qf3 d5 6. exd5 Qd6 7. Nc3 Qf6 8.
Bb5+ c6 9. dxc6 bxc6 10. Bc4 Qh4+ 11. Qf2 Qxc4 12. Nf3 Ng6 13. Ng5 Be7 14. d3
Qg8 15. O-O Bf6 16. Nce4 Nd7 17. Nd6+ Ke7 18. Ngf7 h6 19. Bxh6 gxh6 20. Rae1 Nf4
21. Qxf4 Rh7 22. Nxc8+ Rxc8 23. Nxe5 Bxe5 24. d4 Rg7 25. dxe5 Rf8 26. Qb4+ Ke6
27. Qd6# 1-0

[Event "Challenge"]
[Site "http://www.queenalice.com/game.php?id=741349"]
[Date "2010.3.5"]
[Round "-"]
[White "LeonardoNeves"]
[Black "Blackangel"]
[Result "1-0"]
[WhiteElo "2100"]
[BlackElo "1889"]

1. e4 c5 2. Bc4 Nc6 3. Nc3 g6 4. Nf3 Bg7 5. d3 Nf6 6. Be3 d6 7. h3 O-O 8. Qd2 a6
9. a3 Nd7 10. Bh6 Nde5 11. Nxe5 Nxe5 12. Ba2 b5 13. Bg5 Re8 14. O-O Nc6 15. Qf4
Nd4 16. Bxf7+ Kh8 17. Bxe8 Qxe8 18. Qd2 Bxh3 19. Nd5 Qf7 20. f4 Bg4 21. Rf2 Ne6
22. c3 Bf6 23. Ne3 Bh5 24. g4 Bxg4 25. Nxg4 Bg7 26. Raf1 h5 27. Ne3 Bf6 28. e5
Bxg5 29. fxg5 Qg7 30. Rf7 Qxe5 31. Qf2 Qxg5+ 32. Ng2 Kg8 33. Qe2 Ng7 34. Qxe7
Qh6 35. Rf8+ Rxf8 36. Rxf8+ Kh7 37. Qd8 Qc1+ 38. Kh2 g5 39. Rh8+ Kg6 40. Qxd6+
Kf5 41. Rf8+ 1-0

[Event "Challenge"]
[Site "http://www.queenalice.com/game.php?id=741671"]
[Date "2010.3.5"]
[Round "-"]
[White "girlalone"]
[Black "LeonardoNeves"]
[Result "0-1"]
[WhiteElo "1802"]
[BlackElo "2072"]

1. e4 e5 2. Nf3 Nc6 3. d4 exd4 4. Nxd4 Nxd4 5. Qxd4 d6 6. Nc3 Be6 7. Be3 a6 8.
f4 c5 9. Qd2 Be7 10. Be2 Bh4+ 11. g3 Bf6 12. f5 Bd7 13. Qxd6 Be7 0-1

[Event "Challenge"]
[Site "http://www.queenalice.com/game.php?id=741682"]
[Date "2010.3.5"]
[Round "-"]
[White "LeonardoNeves"]
[Black "girlalone"]
[Result "1-0"]
[WhiteElo "2077"]
[BlackElo "1756"]

1. e4 e6 2. d4 d5 3. e5 c5 4. Bb5+ Bd7 5. Bxd7+ Nxd7 6. c3 Qb6 7. Nf3 Ne7 8. Nh4
g5 9. Nf3 g4 10. Ng5 cxd4 11. cxd4 h6 12. Nxf7 Kxf7 13. Qxg4 h5 14. Qf3+ Nf5 15.
O-O Qxd4 16. Qb3 1-0

[Event "Desafio #11"]
[Site "http://www.queenalice.com/game.php?id=745612"]
[Date "2010.3.13"]
[Round "-"]
[White "Aylton"]
[Black "LeonardoNeves"]
[Result "0-1"]
[WhiteElo "1849"]
[BlackElo "2107"]

1. d4 d5 2. Nf3 c6 3. e3 e6 4. c4 Bd6 5. a3 Nf6 6. Nc3 Ne4 7. Nxe4 dxe4 8. Nd2
f5 9. Be2 e5 10. dxe5 Bxe5 11. O-O O-O 12. Rb1 a5 13. b4 axb4 14. axb4 Be6 15.
h3 Ra2 16. c5 Rf7 17. Nb3 Qxd1 18. Bxd1 Rd7 19. g4 fxg4 20. hxg4 Na6 21. Bd2
Raxd2 22. Nxd2 Rxd2 23. Bb3 Bd5 24. Bxd5+ cxd5 25. Rfc1 Bb2 26. b5 Nb4 27. c6
bxc6 28. bxc6 Bxc1 29. Rxc1 Nxc6 30. Rxc6 Kf7 31. Kg2 d4 32. exd4 e3 33. Kf1
Rxf2+ 34. Ke1 Rd2 35. Rc7+ Kg6 36. Rd7 Rg2 37. Rd6+ Kg5 38. Rd7 Kf6 39. Rd6+ Ke7
40. Rd5 Rxg4 41. Ke2 Re4 42. Rg5 g6 43. Rd5 h5 44. Rg5 Kf6 45. Rg1 h4 46. Kd3
Re6 47. d5 Re5 48. Kd4 e2 49. Re1 g5 50. d6 Ke6 51. d7 Rd5+ 52. Ke4 Rxd7 53.
Rxe2 Rb7 54. Kf3+ Kf5 55. Ra2 g4+ 56. Kf2 Rb4 57. Kg2 Kf4 58. Rf2+ Ke3 59. Ra2
Rd4 60. Ra3+ Rd3 61. Ra4 Rd2+ 62. Kg1 g3 63. Ra3+ Rd3 64. Ra1 h3 65. Rb1 Ke2 0-1

[Event "Desafio #12"]
[Site "http://www.queenalice.com/game.php?id=745613"]
[Date "2010.3.13"]
[Round "-"]
[White "LeonardoNeves"]
[Black "Aylton"]
[Result "1-0"]
[WhiteElo "2063"]
[BlackElo "1891"]

1. e4 e5 2. Nf3 Nc6 3. Nc3 Nf6 4. Bc4 Bc5 5. d3 a6 6. a3 d6 7. h3 O-O 8. Bg5 h6
9. Bh4 b5 10. Bb3 Be6 11. Nd5 Bxd5 12. Bxd5 Qd7 13. Bxf6 gxf6 14. Qd2 Kg7 15.
Nh4 Rh8 16. Nf5+ Kf8 17. Nxh6 Rh7 18. Ng4 Kg7 19. h4 Rah8 20. Nxf6 1-0

[Event "QA-ANNIV-05"]
[Site "http://www.queenalice.com/game.php?id=759029"]
[Date "2010.4.10"]
[Round "4"]
[White "ads"]
[Black "LeonardoNeves"]
[Result "1-0"]
[WhiteElo "2571"]
[BlackElo "2106"]

1. Nf3 Nf6 2. b3 c5 3. Bb2 e6 4. e3 Be7 5. d4 cxd4 6. exd4 O-O 7. Bd3 Nc6 8. O-O
d5 9. Qe2 Bd7 10. a3 Qb6 11. Nbd2 Rac8 12. b4 Nh5 13. g3 Nf6 14. c4 dxc4 15.
Nxc4 Qd8 16. Rfe1 b5 17. Nce5 a6 18. Ng5 Be8 19. d5 Qxd5 20. Red1 Qb3 21. Rab1
Nxe5 22. Qxe5 Bc6 23. Qe3 Qa2 24. Rd2 Bb7 25. Rbd1 Nd5 26. Bxh7+ Kh8 27. Nxf7+
Kxh7 28. Qe4+ g6 29. Qxe6 a5 30. Qh3+ Kg8 31. Nh6+ Kh7 32. Nf5+ Kg8 33. Qh8+ Kf7
34. Qg7+ Ke8 35. Qxg6+ Rf7 36. Qg8+ Rf8 37. Ng7+ Kd8 38. Rxd5+ Qxd5 39. Rxd5+
Bxd5 40. Qxd5+ Kc7 41. Ne6+ 1-0

[Event "Challenge"]
[Site "http://www.queenalice.com/game.php?id=771708"]
[Date "2010.5.6"]
[Round "-"]
[White "FabianoSales"]
[Black "LeonardoNeves"]
[Result "1-0"]
[WhiteElo "1957"]
[BlackElo "2123"]

1. d4 d5 2. c4 c6 3. Bf4 Nf6 4. Nf3 e6 5. a3 Be7 6. e3 O-O 7. Bd3 Nbd7 8. O-O
Nh5 9. Be5 Nhf6 10. c5 Ng4 11. Bg3 a5 12. Qc2 Ngf6 13. Nc3 b6 14. cxb6 Nxb6 15.
Ne5 Bb7 16. Ne2 Rc8 17. Rac1 c5 18. dxc5 Bxc5 19. Nc3 Be7 20. Rfd1 Bd6 21. Qe2
Bb8 22. Nb5 Rxc1 23. Rxc1 Ne4 24. Bxe4 dxe4 25. Nd4 Nd5 26. Nec6 Bxc6 27. Nxc6
Qb6 28. Nxb8 Rxb8 29. Bxb8 Qxb8 30. Qb5 Qd8 31. Qxa5 Qf8 32. Qa6 Ne7 33. b4 Qd8
34. Qa7 g6 35. g3 h6 36. Qd4 Nd5 37. Qxe4 Qa8 38. h4 Qa6 39. Qe5 Qa8 40. e4 Nb6
41. Qd4 Qb7 42. b5 Nd7 43. a4 g5 44. a5 Nf8 45. b6 1-0

[Event "Challenge"]
[Site "http://www.queenalice.com/game.php?id=776147"]
[Date "2010.5.15"]
[Round "-"]
[White "Ebbe"]
[Black "LeonardoNeves"]
[Result "1-0"]
[WhiteElo "1906"]
[BlackElo "2114"]

1. e4 e5 2. Nf3 Nc6 3. d4 exd4 4. Nxd4 Nf6 5. Nxc6 bxc6 6. e5 Qe7 7. Bf4 Nd5 8.
Bg3 h5 9. h3 Qb4+ 10. Nd2 Qxb2 11. Bc4 Bb4 12. O-O O-O 13. Rb1 Qa3 14. Bxd5 cxd5
15. Bf4 g6 16. Rb3 Qa5 17. Rg3 h4 18. Rg4 Be7 19. Bg5 Bxg5 20. Rxg5 d6 21. Nf3
Qxa2 22. Nxh4 dxe5 23. Rxe5 c6 24. Rg5 Rb8 25. Qh5 Qxc2 26. Nxg6 Kg7 27. Nxf8+
Kxf8 28. Qh8+ Ke7 29. Re1+ Kd6 30. Qf8+ Kc7 31. Qxf7+ Kb6 32. Qf4 Ba6 33. Qxb8+
1-0

[Event "Challenge (até que fim)"]
[Site "http://www.queenalice.com/game.php?id=780677"]
[Date "2010.5.25"]
[Round "-"]
[White "LeonardoNeves"]
[Black "FabianoSales"]
[Result "1/2-1/2"]
[WhiteElo "2122"]
[BlackElo "2037"]

1. e4 e5 2. Nf3 Nc6 3. a3 Nf6 4. Nc3 Bc5 5. Bc4 h6 6. O-O O-O 7. d3 d6 8. h3 a6
9. Be3 Bxe3 10. fxe3 b5 11. Bb3 Na5 12. Ba2 c6 13. b4 Nb7 14. d4 Qc7 15. Qe1 Re8
16. Qg3 exd4 17. Nxd4 Kh8 18. Nf5 Nh5 19. Qh4 Bxf5 20. exf5 Nf6 21. Rae1 Kg8 22.
Qg3 Qe7 23. e4 a5 24. bxa5 Rxa5 25. Ra1 Nc5 26. Rfe1 Ncxe4 27. Nxe4 Nxe4 28. Qg6
d5 29. Qxc6 Qa7+ 30. Kh2 Qb8+ 31. Kg1 Rc8 32. Qxd5 Qa7+ 33. Kh2 Qc7+ 34. Kg1 Nc3
35. Qd4 Ra4 36. Qe5 Qxe5 37. Rxe5 Nxa2 38. Rxa2 b4 39. Re3 Kf8 40. Kf2 Rc4 41.
g4 f6 42. Rb3 bxa3 43. Kg3 Kf7 44. c3 h5 45. Raxa3 Rxa3 46. Rxa3 hxg4 47. hxg4
g5 48. Ra7+ Ke8 49. Rb7 Rxc3+ 50. Kf2 Rc4 51. Kf3 Rf4+ 52. Kg3 Kf8 53. Rc7
1/2-1/2

[Event "AUTO-MASTER-1049"]
[Site "http://www.queenalice.com/game.php?id=780695"]
[Date "2010.5.25"]
[Round "2"]
[White "LeonardoNeves"]
[Black "thewhitebishop"]
[Result "1-0"]
[WhiteElo "2113"]
[BlackElo "1967"]

1. e4 g6 2. d4 Bg7 3. Nc3 c5 4. Be3 Nc6 5. dxc5 Bxc3+ 6. bxc3 Qa5 7. Ne2 Nf6 8.
Qd3 O-O 9. Bh6 Rd8 10. f3 d6 11. cxd6 Rxd6 12. Qe3 Be6 13. Bf4 Rd7 14. a4 Rad8
15. Kf2 Nh5 16. Bh6 Rd2 17. Qxd2 Rxd2 18. Bxd2 f5 19. exf5 Bxf5 20. g4 Bxc2 21.
gxh5 Qxh5 22. Be3 Ne5 23. Nd4 Qh4+ 24. Kg1 g5 25. Nxc2 Nxf3+ 26. Kg2 Qe4 27. Kf2
Nh4 28. Nd4 e6 29. Rg1 g4 30. Re1 Nf3 31. Bg2 Kf7 32. Bxf3 gxf3 33. Rg7+ Kxg7
34. Bh6+ 1-0

[Event "AUTO-MASTER-1049"]
[Site "http://www.queenalice.com/game.php?id=780696"]
[Date "2010.5.25"]
[Round "2"]
[White "thewhitebishop"]
[Black "LeonardoNeves"]
[Result "0-1"]
[WhiteElo "1978"]
[BlackElo "2105"]

1. d4 d5 2. c4 c6 3. Nc3 Nf6 4. Nf3 e6 5. Qb3 Be7 6. e3 O-O 7. Bd3 dxc4 8. Bxc4
b5 9. Bd3 Nbd7 10. O-O Bb7 11. a4 b4 12. Ne4 Nxe4 13. Bxe4 Nf6 14. Bd3 c5 15.
Be2 Rc8 16. Rd1 Qd6 17. Ne5 Bd5 18. Nc4 Qc7 19. a5 cxd4 20. Rxd4 Rfd8 21. Bd2
Bc5 22. Rf4 Bxc4 23. Bxc4 Rxd2 24. Ba6 Rcd8 25. g3 Qe5 26. Rc1 Be7 27. Qa4 Qxb2
28. Rc7 Bd6 29. Rxa7 Bxf4 30. exf4 Qd4 0-1

[Event "AUTO-MASTER-1049"]
[Site "http://www.queenalice.com/game.php?id=780697"]
[Date "2010.5.25"]
[Round "2"]
[White "LeonardoNeves"]
[Black "jagvg"]
[Result "0-1"]
[WhiteElo "2119"]
[BlackElo "2355"]

1. e4 d5 2. e5 c5 3. c3 Nc6 4. d4 cxd4 5. cxd4 f6 6. Bb5 fxe5 7. Qh5+ g6 8. Qxe5
Nf6 9. Nc3 Bg7 10. Qg5 a6 11. Bxc6+ bxc6 12. Nf3 O-O 13. h3 Ne4 14. Qe3 c5 15.
Nxe4 dxe4 16. Qxe4 Bf5 17. Qe2 cxd4 18. Qc4+ Kh8 19. Bd2 Be4 20. Ng5 Bxg2 21.
Ne6 Qd6 22. Nxf8 Bxh1 23. O-O-O Bd5 24. Nxg6+ hxg6 25. Qa4 Rc8+ 26. Kb1 Be4+ 27.
Ka1 Bc2 0-1

[Event "AUTO-MASTER-1049"]
[Site "http://www.queenalice.com/game.php?id=780698"]
[Date "2010.5.25"]
[Round "2"]
[White "jagvg"]
[Black "LeonardoNeves"]
[Result "1-0"]
[WhiteElo "2393"]
[BlackElo "2095"]

1. e4 e5 2. Nf3 Nc6 3. Bb5 Nf6 4. O-O Bc5 5. Nxe5 Nxe4 6. Qe2 Nxe5 7. d4 Be7 8.
dxe5 Nc5 9. Qg4 O-O 10. Bh6 Ne6 11. Nc3 Kh8 12. Be3 f6 13. Bd3 d5 14. exd6 Bxd6
15. Qh5 f5 16. Bxf5 Rxf5 17. Qxf5 a6 18. Ne4 Be7 19. Rad1 Qe8 20. Rfe1 a5 21.
Qf3 Qg6 22. Bc5 Bh4 23. Qh3 Bf6 24. Nxf6 Qxf6 25. Qh5 h6 26. c3 Kh7 27. Be3 a4
28. Qd5 a3 29. Qd3+ Kh8 30. b4 Kg8 31. Bc1 Qf7 32. Re3 Ra6 33. Rf3 Qe8 34. Qe4
Bd7 35. Rg3 Nf8 36. Qd5+ Qe6 37. c4 Qxd5 38. cxd5 Kh7 39. Rxa3 Rxa3 40. Bxa3 Kg8
41. Rc1 c6 42. dxc6 bxc6 43. Bb2 Ng6 44. a4 Nf4 45. Rd1 Be6 46. a5 Bc4 47. Rd8+
Kf7 48. Rd7+ Ke6 49. Rxg7 h5 50. Rg8 Kd7 51. Rh8 Ne2+ 52. Kh1 Nf4 53. Bc3 Ke7
54. f3 Be2 55. Bd2 Nd5 56. Rxh5 1-0

[Event "Challenge"]
[Site "http://www.queenalice.com/game.php?id=788027"]
[Date "2010.6.10"]
[Round "-"]
[White "Dedey"]
[Black "LeonardoNeves"]
[Result "0-1"]
[WhiteElo "1386"]
[BlackElo "2121"]

1. e4 e5 2. Nf3 d6 3. d4 f5 4. Nbd2 Nf6 5. exf5 e4 6. Qe2 d5 7. c4 Nc6 8. cxd5
Qxd5 9. g3 Be7 10. Bg2 exf3 11. Qxf3 Nxd4 12. Qxd5 Nxd5 13. Bxd5 Nc2+ 14. Kd1
Nxa1 0-1

[Event "QA-ANNIV-05"]
[Site "http://www.queenalice.com/game.php?id=793744"]
[Date "2010.6.23"]
[Round "5"]
[White "LeonardoNeves"]
[Black "regicide13"]
[Result "1-0"]
[WhiteElo "2091"]
[BlackElo "1948"]

1. e4 e5 2. Nf3 Nc6 3. Bc4 Bc5 4. d3 Nf6 5. Nc3 d6 6. h3 a6 7. Bg5 h6 8. Bh4 Be6
9. Nd5 g5 10. Bg3 g4 11. Nd2 gxh3 12. gxh3 Ne7 13. Nxf6+ 1-0

[Event "QA-ANNIV-05"]
[Site "http://www.queenalice.com/game.php?id=841348"]
[Date "2010.10.3"]
[Round "6"]
[White "headhunter"]
[Black "LeonardoNeves"]
[Result "1-0"]
[WhiteElo "2485"]
[BlackElo "2101"]

1. e4 e5 2. Nf3 Nc6 3. Bb5 a6 4. Ba4 Nf6 5. O-O Be7 6. Re1 O-O 7. c3 b5 8. Bb3
d6 9. h3 Na5 10. Bc2 c5 11. d4 cxd4 12. cxd4 Qc7 13. Nbd2 Bd7 14. Nf1 Rac8 15.
Ne3 Nc6 16. d5 Nb4 17. Bb1 a5 18. a3 Na6 19. b4 h6 20. Bd2 Qb7 21. Bd3 Rc7 22.
Nh2 Rfc8 23. Qe2 Bd8 24. Reb1 a4 25. Nhf1 Nh7 26. Ng3 Nb8 27. Nef5 Qa6 28. Rf1
Bf6 29. h4 Kf8 30. Qf3 Qb6 31. Rac1 Na6 32. Nh5 Rxc1 33. Rxc1 Rxc1+ 34. Bxc1 Qd8
35. Bd2 Bxf5 36. Qxf5 g6 37. Bxh6+ Ke7 38. Qf3 gxh5 39. Bxb5 Nb8 40. Qxh5 Qb6
41. Bf1 Nf8 42. Qf5 Nbd7 43. g3 Qd4 44. Bb5 Qc3 45. Bc6 Bh8 46. h5 Nf6 47. Bg5
Ne6 48. Bh4 Qxa3 49. b5 Qc1+ 50. Kg2 1-0